000 00680nam a22002297a 4500
005 20170124110045.0
010 _aB-042752
020 _c70.00
035 _aB-042752
037 _bCen Lib/Ret
040 _aDPL
_bEN
082 _a808.84
_bCHA
100 _aChaturvedi, A.K.
_924425
245 _a101 essays on topic of today /
_cby A.K.Chaturvedi
246 _aOne hundred essays on topics of today
260 _aNew Delhi
_bGoodwill Publigshing House
270 _aB-3, Rattan Jyoi, Rajendra Place
_bNew Delhi
_e110018
300 _axii,328p.
_c22cm(Hb)
650 _aLiterature
_96262
650 _aRhetoric
_924426
942 _2ddc
_cEN
_h808.84
_mCHA
999 _c128780
_d128780